Statistics for Counties of Nova Scotia

Click here to take the quiz!

General Stats

  • This quiz has been taken 108 times
  • The average score is 12 of 18

Answer Stats

Answer% Correct
Halifax
93%
Kings
76%
Yarmouth
75%
Cape Breton
71%
Queens
69%
Colchester
68%
Hants
68%
Inverness
64%
Digby
63%
Lunenburg
63%
Cumberland
61%
Victoria
59%
Annapolis
58%
Antigonish
58%
Pictou
58%
Guysborough
53%
Richmond
51%
Shelburne
46%

Score Distribution

Percentile by Number Answered

Percent of People with Each Score

Your Score History

You have not taken this quiz